Calling to Islam (Record no. 19331)

MARC details
000 -LEADER
fixed length control field 00548nam a2200229 a 4500
020 ## - INTERNATIONAL STANDARD BOOK NUMBER
ISBN
082 00 - DEWEY DECIMAL CLASSIFICATION NUMBER
Classification number 297.7
Author Cutter IMR
100 ## - MAIN ENTRY--AUTHOR NAME
Author name Imran,
245 ## - TITLE STATEMENT
Title Calling to Islam
Sub title Mission of the Prophets
260 ## - PUBLICATION, DISTRIBUTION, ETC. (IMPRINT)
Place of publication Hyderabad
Name of publisher Pace Graphics
Year of publication 2009
300 ## - PHYSICAL DESCRIPTION
Number of Pages 407p
500 ## - GENERAL NOTE
General note includes index and biblioraphy
650 ## - SUBJECT ADDED ENTRY--TOPICAL TERM
Topical Term Dawah-Islam
942 ## - ADDED ENTRY ELEMENTS (KOHA)
Koha item type Books
700 1# -
-- Imran,
Holdings
Collection code Home library Current library Date acquired Cost, normal purchase price Full call number Accession Number Koha item type
  Henry Martyn Institute Library Henry Martyn Institute Library 02/22/2010 100.00 297.7 IMR 11002105 Books
                   Copyright © 2026 | Henry Martyn Institute | Hyderabad | TS-500052 | INDIA | Implemented by hmi.edu.in
Hit-Count:

Powered by Koha